000 00537nam a2200169 4500
999 _c4241
_d4241
008 160901b xxu||||| |||| 00| 0 eng d
022 _a2094-8042
082 _aDPer 370.105 M72 Jan-Dec 2012 V. 60-61
100 _913921
_aAgoo, Saarilyn Carmen
243 _aThe modern teacher
245 _aWanted:
_bbrigada guro/
_cSaarilyn Carmen Agoo.
260 _aPhilippines:
_bIn the Grade School, Inc.,
_c©2012.
300 _aV61 n1, pages 12+;
_c28 cm.
500 _aThe Modern Teacher
650 0 _913922
_aTeachers
942 _2ddc
_cPER